BMI building maintenance price book 2007 (Record no. 106757)

MARC details
000 -LEADER
fixed length control field 00937cam a2200277 4500
001 - CONTROL NUMBER
control field L137373
008 - FIXED-LENGTH DATA ELEMENTS--GENERAL INFORMATION
fixed length control field 070403s2007 xxk f 000 0 eng d
020 ## - INTERNATIONAL STANDARD BOOK NUMBER
International Standard Book Number 9781904829553
022 1# - INTERNATIONAL STANDARD SERIAL NUMBER
International Standard Serial Number 0261-2933
035 ## - SYSTEM CONTROL NUMBER
System control number (Sirsi) u137373
041 0# - LANGUAGE CODE
Language code of text/sound track or separate title eng
050 04 - LIBRARY OF CONGRESS CALL NUMBER
Classification number 692.5 $2 18
110 2# - MAIN ENTRY--CORPORATE NAME
Corporate name or jurisdiction name as entry element Building Maintenance Information
9 (RLIN) 3229
245 00 - TITLE STATEMENT
Title BMI building maintenance price book 2007
250 ## - EDITION STATEMENT
Edition statement 27th ed.
260 ## - PUBLICATION, DISTRIBUTION, ETC.
Place of publication, distribution, etc. London
Name of publisher, distributor, etc. BCIS
Date of publication, distribution, etc. 2007
300 ## - PHYSICAL DESCRIPTION
Extent 254p.
Dimensions 22cm.
350 ## - PRICE (NR) (BK AM CF MU VM SE) [OBSOLETE]
Price 99.50
505 2# - FORMATTED CONTENTS NOTE
Formatted contents note Introduction -- Basic costs -- Labour constants -- Measured rates
520 ## - SUMMARY, ETC.
Summary, etc. Aims to represent reasonable prices for maintenance and repair work and as such provides a realistic and useful source of maintenance cost information for estimating and pricing.
520 ## - SUMMARY, ETC.
Summary, etc. Supersedes 26th edition (E133305).
590 ## - LOCAL NOTE (RLIN)
Local note KA
651 #4 - SUBJECT ADDED ENTRY--GEOGRAPHIC NAME
Geographic name United Kingdom
Chronological subdivision
690 ## - LOCAL SUBJECT ADDED ENTRY--TOPICAL TERM (OCLC, RLIN)
Topical term or geographic name as entry element BUILT ENVIRONMENT-BUILDING COSTS
942 ## - ADDED ENTRY ELEMENTS (KOHA)
Suppress in OPAC 0
Holdings
Withdrawn status Lost status Source of classification or shelving scheme Damaged status Not for loan Home library Current library Shelving location Date acquired Total Checkouts Full call number Barcode Date last seen Copy number Price effective from Koha item type
    Dewey Decimal Classification     London London RICS Boxes 24/04/2007   2007/09 30072227 06/08/2019 1 06/08/2019 Archive
    Dewey Decimal Classification     London London Basement 22/02/2008   692.5 BUI 30072226 06/08/2019 1 06/08/2019 Reference material